BUBT Library Online Catalog

Genocide in Bangladesh 1971/ (Record no. 6926)

000 -LEADER
fixed length control field 00754nam a22002177a 4500
003 - CONTROL NUMBER IDENTIFIER
control field BUBTL
008 - FIXED-LENGTH DATA ELEMENTS--GENERAL INFORMATION
fixed length control field 230119b ||||| |||| 00| 0 eng d
020 ## - INTERNATIONAL STANDARD BOOK NUMBER
International Standard Book Number 9843000007683
082 ## - DEWEY DECIMAL CLASSIFICATION NUMBER
Classification number 954.92/ K1277g/ 2015
100 ## - MAIN ENTRY--PERSONAL NAME
9 (RLIN) 5174
Personal name Kamal, A K M Nasimul
245 ## - TITLE STATEMENT
Title Genocide in Bangladesh 1971/
Statement of responsibility, etc. A K M Nasimul Kamal
250 ## - EDITION STATEMENT
Edition statement 1st Edn
260 ## - PUBLICATION, DISTRIBUTION, ETC. (IMPRINT)
Place of publication, distribution, etc. Dhaka:
Name of publisher, distributor, etc. Banglaprakash,
Date of publication, distribution, etc. c2015
300 ## - PHYSICAL DESCRIPTION
Extent 487 p.:
Dimensions 22 cm.
505 ## - FORMATTED CONTENTS NOTE
Formatted contents note Genocide in Bangladesh 1971, Genocide, Bangladesh, 1971, A K M Nasimul Kamal, Liberation War, Muktijuddho, মুক্তিযুদ্ধ
650 #0 - SUBJECT ADDED ENTRY--TOPICAL TERM
9 (RLIN) 4963
Topical term or geographic name as entry element Liberation war
650 #0 - SUBJECT ADDED ENTRY--TOPICAL TERM
9 (RLIN) 1755
Topical term or geographic name as entry element মুক্তিযুদ্ধ
856 ## - ELECTRONIC LOCATION AND ACCESS
Password 0
Logon 0
Link text Download
942 ## - ADDED ENTRY ELEMENTS (KOHA)
Source of classification or shelving scheme
Koha item type Books
Holdings
Withdrawn status Lost status Source of classification or shelving scheme Damaged status Not for loan Collection code Permanent location Current location Shelving location Date acquired Source of acquisition Inventory number Total Checkouts Full call number Barcode Date last seen Copy number Price effective from Koha item type
          Non-fiction Bangladesh University of Business and Technology Library Bangladesh University of Business and Technology Library Historical Books 12/20/2022 Purchase 29130   954.92/ K1277g/ 2015 BUBTL-200329130 01/19/2023 C-1 01/19/2023 Books
          Non-fiction Bangladesh University of Business and Technology Library Bangladesh University of Business and Technology Library Historical Books 12/20/2022 Purchase 29131   954.92/ K1277g/ 2015 BUBTL-200329131 01/19/2023 C-2 01/19/2023 Books
          Non-fiction Bangladesh University of Business and Technology Library Bangladesh University of Business and Technology Library Historical Books 12/20/2022 Purchase 29132   954.92/ K1277g/ 2015 BUBTL-200329132 01/19/2023 C-3 01/19/2023 Books
          Non-fiction Bangladesh University of Business and Technology Library Bangladesh University of Business and Technology Library Historical Books 12/20/2022 Purchase 29133   954.92/ K1277g/ 2015 BUBTL-200329133 01/19/2023 C-4 01/19/2023 Books
          Non-fiction Bangladesh University of Business and Technology Library Bangladesh University of Business and Technology Library Historical Books 12/20/2022 Purchase 29134   954.92/ K1277g/ 2015 BUBTL-200329134 01/19/2023 C-5 01/19/2023 Books

More Information About Library

Library Hours

  • Open: 9.00 am. to 9.00 pm.
  • Only Sunday: 9.00 am. to 6.00 pm.
  • Closed: Holiday

Contact to the University

Bangladesh University of Business and Technology Library

  • Mirpurl-2, 1216.
  • Phone:
  • Fax:
  • E-Mail: admin.library@bubt.edu.bd

Contact to the Library

Contact Person:

Md. Abdul Hakim Shah
Joint Librarian
PABX No:  113
Cell No: 01816332931
E-mail: official: admin.library@bubt.edu.bd
Personal: hakim.shah@bubt.edu.bd


BUBT Library

Copyright © 2021